| 000 | 00363nam a2200145Ia 4500 | ||
|---|---|---|---|
| 008 | 221030s9999 xx 000 0 und d | ||
| 041 | _aEnglish | ||
| 082 | _a105.23 | ||
| 100 | _aK. A. Lakshminarayanan | ||
| 245 | 0 |
_aEngineering Mathematics Vol: II _cby K. A. Lakshminarayanan, V. Sudaram |
|
| 260 | _c0 | ||
| 650 | _aB | ||
| 700 | _aV. Sudaram | ||
| 942 | _cBK | ||
| 999 |
_c10715 _d10715 |
||